Sports Quiz

Random Sports Quiz

WTA Tournament Winners 2014 Quiz Stats

 Plays Quiz not verified by Sporcle

Challenge
Share
Tweet
Embed
Score 0/57 Timer 07:00
0 Plays Today
Tournament Player % Correct
BrisbaneSerena Williams
100%
DubaiVenus Williams
100%
MiamiSerena Williams
100%
RomeSerena Williams
100%
StanfordSerena Williams
100%
CincinnatiSerena Williams
100%
US OpenSerena Williams
100%
WTA FinalsSerena Williams
100%
ShenzhenLi Na
99.3%
Australian OpenLi Na
99.3%
StuggartMaria Sharapova
98.6%
MadridMaria Sharapova
98.6%
French OpenMaria Sharapova
98.6%
BeijingMaria Sharapova
98.6%
AucklandAna Ivanovic
97.3%
QatarSimona Halep
97.3%
MonterreyAna Ivanovic
97.3%
NurnbergEugenie Bouchard
97.3%
BucharestSimona Halep
97.3%
TokyoAna Ivanovic
97.3%
WimbledonPetra Kvitova
95.9%
IstanbulCaroline Wozniacki
95.9%
New HavenPetra Kvitova
95.9%
WuhanPetra Kvitova
95.9%
MontrealAgnieszka Radwanska
95.2%
CharlestonAndrea Petkovic
94.6%
GasteinAndrea Petkovic
94.6%
WTA Tournament of ChampionsAndrea Petkovic
94.6%
Indian WellsFlavia Pennetta
92.5%
Tournament Player % Correct
OsakaSamantha Stosur
91.8%
AcapulcoDominika Cibulkova
91.2%
EastbourneMadison Keys
89.8%
SydneyTsvetana Pironkova
89.1%
HobartGarbine Muguruza
89.1%
KatowiceAlize Cornet
87.8%
Hong KongSabine Lisicki
87.1%
PattayaEkaterina Makarova
84.4%
PortugalCarla Suarez Navarro
83%
StrasburgMonica Puig
82.3%
SuezAnastasia Pavlyuchenkova
78.2%
MoscowAnastasia Pavlyuchenkova
78.2%
BakuElina Svitolina
77.6%
SeoulKarolina Pliskova
77.6%
LinzKarolina Pliskova
77.6%
Washington D.C.Svetlana Kuznetsova
75.5%
BogotaCaroline Garcia
74.1%
RioKurumi Nara
70.1%
NetherlandsCoco Vandeweghe
68%
GuangzhouMonica Niculescu
67.3%
Swedish OpenMona Barthel
66.7%
TashkentKarin Knapp
66%
QuebecMirjana Lucic-Baroni
65.3%
Kuala LumpurDonna Vekic
63.9%
TianjinAlison Riske
63.9%
LuxembourgAnnika Beck
59.9%
MarrakeshMaria Teresa Torro Flor
44.9%
BrazilKlara Zakopalova
38.8%

You're not logged in!

Compare scores with friends on all Sporcle quizzes.
OR
Log In

You Might Also Like...

Show Comments

Extras

Top Quizzes Today


Score Distribution

Your Account Isn't Verified!

In order to create a playlist on Sporcle, you need to verify the email address you used during registration. Go to your Sporcle Settings to finish the process.

Report this User

Report this user for behavior that violates our Community Guidelines.

Details: